| 000 | 00822nam a22002297a 4500 | ||
|---|---|---|---|
| 999 |
_c177368 _d177368 |
||
| 005 | 20210408150956.0 | ||
| 010 | _aB-739261-263 B-739744 | ||
| 020 |
_a9789352756872 _c595.00 |
||
| 035 | _aB-739261-263 | ||
| 035 | _aB-739744 | ||
| 037 | _bScholastic | ||
| 037 | _bGift | ||
| 082 | _aS | ||
| 100 | _aStilton, Thea | ||
| 245 |
_aThe treasure seekers / _cby Thea Stilton |
||
| 260 |
_bScholastic _aNew York _c2019 |
||
| 270 |
_a557 Broadway _bNew York _eNY 10012 |
||
| 300 |
_a309p.: _c20cm(Hb) _bill. |
||
| 942 |
_2ddc _cCH _mSTI _hS |
||